000 00959nam0a2200277 4500
001 RU\NLR\bibl\1956286
005 20250616204608.0
010 _a978-5-377-05747-5
021 _aRU
_b2012-72208
_95330
035 _a(NLR Aleph) 001945365
090 _a3622013
_c3622013
100 _a20121016d2013 |||y0rusy50 ca
101 0 _arus
102 _aRU
105 _ay |||||||||
200 1 _aДомашняя работа по английскому языку за 7 класс к учебнику "Английский язык. VII класс"
205 _aИзд. 12-е, перераб. и испр.
210 _aМосква
_cЭкзамен
_d2013
215 _d21
225 1 _aРешебник
700 1 _aЖалейко
_bБ. В.
_4070
801 0 _aRU
_bNLR
_c20121016
_gRCR
801 1 _aRU
_bNLR
_c20121016
942 _cBOOK
980 _aNB